Loading...
| Other Academic | 1 | 4 | 1 | 1 | 50 | 82 | 100.00 | 0 | 5 | 0.00 | 0.00 |
| Literature - Poetry | 2 | 2 | 0 | 2 | 50 | 64 | 107.25 | 2 | 4 | 0.00 | 0.00 |
| Short Fiction and Other | 0 | 4 | 0 | 0 | 40 | 82 | 96.75 | 1 | 4 | 0.00 | 0.00 |
| Fine Arts - Painting and Sculpture | 1 | 4 | 3 | 0 | 40 | 47 | 104.40 | 3 | 5 | 0.00 | 0.00 |
| Literature - Long Fiction | 1 | 3 | 1 | 0 | 40 | 76 | 97.75 | 1 | 4 | 0.00 | 0.00 |
| Philosophy | 0 | 3 | 0 | 1 | 30 | 108 | 122.33 | 2 | 3 | 0.00 | 0.00 |
| History - Other | 0 | 2 | 0 | 1 | 20 | 72 | 110.00 | 0 | 2 | 0.00 | 0.00 |
| Social Science | 0 | 1 | 0 | 0 | 10 | 125 | 125.00 | 0 | 1 | 0.00 | 0.00 |
| Geography | 0 | 1 | 0 | 1 | 10 | 130 | 130.00 | 0 | 1 | 0.00 | 0.00 |
| Science - Chemistry | 0 | 1 | 0 | 0 | 10 | 132 | 132.00 | 0 | 1 | 0.00 | 0.00 |
| Fine Arts - Classical Music | 0 | 1 | 0 | 0 | 10 | 153 | 153.00 | 1 | 1 | 0.00 | 0.00 |
| Fine Arts - Other | 0 | 1 | 1 | 0 | 5 | 129 | 129.00 | 0 | 1 | 0.00 | 0.00 |
| Literature - Drama | 0 | 0 | 2 | 0 | -10 | 0.00 | 0 | 0 | 0.00 | 0.00 |